000 00223 a2200097 4500
001 39791
100 _aSzenasy Susan S
245 _aOffice Furniture
260 _aNew York
_bFactars on File
_c1984
090 _c24798
_d24798
942 _aNUST-CAE
_cM
_c16444
999 _c274864
_d274864